000 02269cam a2200289 4500500
005 20260322011456.0
041 _afre
042 _adc
100 1 0 _aGonzález Alemán, Marianne
_eauthor
245 0 0 _aLa Marche sur Buenos Aires de 1935
260 _c2015.
500 _a76
520 _aLe 13 octobre 1935, les habitants de la ville Buenos Aires assistent stupéfaits à un spectacle inédit : le défilé d’environ cent mille citoyens venant de la province de Buenos Aires qui convergent vers la place de Mai, cœur de la ville de Buenos Aires, pour manifester leur soutien à Manuel Fresco, alors candidat du parti conservateur aux élections pour le poste de gouverneur. Dans ce contexte, la Marche sur Buenos Aires rend compte d’un changement notable de la façon dont le Parti conçoit la représentation politique. L’étude de cette grande mobilisation et du contexte dans lequel elle prend place permet de comprendre ce changement, à un moment où la province entre dans l’ère des mobilisations de masse.
520 _aThe March on Buenos AiresThe people of Buenos Aires were stunned on 13 October, 1935, when they witnessed an unprecedented phenomenon: about 100,000 citizens from the province of Buenos Aires were gathered in the Plaza de Mayo, in the heart of Argentina’s capital, to show their support for Manuel Fresco, the Conservative Party’s gubernatorial candidate. In this context, the “March on Buenos Aires” reflected a significant change in the way that the Party viewed political representation. The study of this rally and the context in which it occurred allow us to understand this change, at the moment when the province of Buenos Aires entered the era of mass mobilisations.
690 _aArgentine
690 _aBuenos Aires
690 _aManuel Fresco
690 _amobilisation de masse
690 _aparti conservateur
690 _aArgentina
690 _aBuenos Aires
690 _aconservative party
690 _aManuel Fresco
690 _amass mobilizations
786 0 _nVingtième Siècle. Revue d'histoire | 129 | 1 | 2015-12-17 | p. 109-121 | 0294-1759
856 4 1 _uhttps://shs.cairn.info/revue-vingtieme-siecle-revue-d-histoire-2016-1-page-109?lang=fr&redirect-ssocas=7080
999 _c1765136
_d1765136